<?xml version="1.0" encoding="UTF-8"?>
<record
    xmlns:xsi="http://www.w3.org/2001/XMLSchema-instance"
    xsi:schemaLocation="http://www.loc.gov/MARC21/slim http://www.loc.gov/standards/marcxml/schema/MARC21slim.xsd"
    xmlns="http://www.loc.gov/MARC21/slim">

  <leader>00374nam a22001577a 4500</leader>
  <controlfield tag="003">SGT</controlfield>
  <datafield tag="020" ind1=" " ind2=" ">
    <subfield code="a">9788131244500</subfield>
  </datafield>
  <datafield tag="082" ind1=" " ind2=" ">
    <subfield code="a">617.632</subfield>
    <subfield code="b">C16N</subfield>
  </datafield>
  <datafield tag="100" ind1=" " ind2=" ">
    <subfield code="a">Chini Dwarakanath, NEWMAN</subfield>
  </datafield>
  <datafield tag="245" ind1=" " ind2=" ">
    <subfield code="a">Carranza's Clinical Periodontology</subfield>
  </datafield>
  <datafield tag="250" ind1=" " ind2=" ">
    <subfield code="a">2nd SOUTH ASIA </subfield>
  </datafield>
  <datafield tag="260" ind1=" " ind2=" ">
    <subfield code="a">AHUJA BOOKS PUBLISHER</subfield>
  </datafield>
  <datafield tag="300" ind1=" " ind2=" ">
    <subfield code="a">762</subfield>
  </datafield>
  <datafield tag="650" ind1=" " ind2=" ">
    <subfield code="a">Periodontology</subfield>
  </datafield>
  <datafield tag="942" ind1=" " ind2=" ">
    <subfield code="2">ddc</subfield>
    <subfield code="c">BK</subfield>
    <subfield code="0">187</subfield>
  </datafield>
  <datafield tag="952" ind1=" " ind2=" ">
    <subfield code="0">0</subfield>
    <subfield code="1">0</subfield>
    <subfield code="2">ddc</subfield>
    <subfield code="4">0</subfield>
    <subfield code="7">0</subfield>
    <subfield code="a">FD</subfield>
    <subfield code="b">FD</subfield>
    <subfield code="c">DISPLAY</subfield>
    <subfield code="d">2017-07-03</subfield>
    <subfield code="e">Elsevier India</subfield>
    <subfield code="g">2295.00</subfield>
    <subfield code="i">SGTU</subfield>
    <subfield code="l">43</subfield>
    <subfield code="o">617.632 C16N</subfield>
    <subfield code="p">FD7536</subfield>
    <subfield code="r">2025-08-29 00:00:00</subfield>
    <subfield code="s">2025-08-29</subfield>
    <subfield code="w">2017-06-14</subfield>
    <subfield code="y">BK</subfield>
    <subfield code="k">8252</subfield>
  </datafield>
  <datafield tag="952" ind1=" " ind2=" ">
    <subfield code="0">0</subfield>
    <subfield code="1">0</subfield>
    <subfield code="2">ddc</subfield>
    <subfield code="4">0</subfield>
    <subfield code="7">0</subfield>
    <subfield code="a">FD</subfield>
    <subfield code="b">FD</subfield>
    <subfield code="c">DISPLAY</subfield>
    <subfield code="d">2017-07-03</subfield>
    <subfield code="e">Elsevier India</subfield>
    <subfield code="g">2295.00</subfield>
    <subfield code="i">SGTU</subfield>
    <subfield code="l">59</subfield>
    <subfield code="o">617.632 C16N</subfield>
    <subfield code="p">FD7537</subfield>
    <subfield code="r">2026-01-15 00:00:00</subfield>
    <subfield code="s">2026-01-15</subfield>
    <subfield code="w">2017-06-14</subfield>
    <subfield code="y">BK</subfield>
    <subfield code="k">8252</subfield>
  </datafield>
  <datafield tag="952" ind1=" " ind2=" ">
    <subfield code="0">0</subfield>
    <subfield code="1">0</subfield>
    <subfield code="2">ddc</subfield>
    <subfield code="4">0</subfield>
    <subfield code="7">0</subfield>
    <subfield code="a">FD</subfield>
    <subfield code="b">FD</subfield>
    <subfield code="c">DISPLAY</subfield>
    <subfield code="d">2017-07-03</subfield>
    <subfield code="e">Elsevier India</subfield>
    <subfield code="g">2295.00</subfield>
    <subfield code="i">SGTU</subfield>
    <subfield code="l">62</subfield>
    <subfield code="o">617.632 C16N</subfield>
    <subfield code="p">FD7538</subfield>
    <subfield code="r">2025-10-03 00:00:00</subfield>
    <subfield code="s">2025-10-03</subfield>
    <subfield code="w">2017-06-14</subfield>
    <subfield code="y">BK</subfield>
    <subfield code="k">8252</subfield>
  </datafield>
  <datafield tag="952" ind1=" " ind2=" ">
    <subfield code="0">0</subfield>
    <subfield code="1">0</subfield>
    <subfield code="2">ddc</subfield>
    <subfield code="4">0</subfield>
    <subfield code="7">0</subfield>
    <subfield code="a">FD</subfield>
    <subfield code="b">FD</subfield>
    <subfield code="c">DISPLAY</subfield>
    <subfield code="d">2017-07-03</subfield>
    <subfield code="e">Elsevier India</subfield>
    <subfield code="g">2295.00</subfield>
    <subfield code="i">SGTU</subfield>
    <subfield code="l">17</subfield>
    <subfield code="o">617.632 C16N</subfield>
    <subfield code="p">FD7539</subfield>
    <subfield code="r">2026-05-12 00:00:00</subfield>
    <subfield code="s">2026-04-27</subfield>
    <subfield code="w">2017-06-14</subfield>
    <subfield code="y">BK</subfield>
    <subfield code="k">8252</subfield>
  </datafield>
  <datafield tag="952" ind1=" " ind2=" ">
    <subfield code="0">0</subfield>
    <subfield code="1">0</subfield>
    <subfield code="2">ddc</subfield>
    <subfield code="4">0</subfield>
    <subfield code="7">0</subfield>
    <subfield code="a">FD</subfield>
    <subfield code="b">FD</subfield>
    <subfield code="c">DISPLAY</subfield>
    <subfield code="d">2017-07-03</subfield>
    <subfield code="e">Elsevier India</subfield>
    <subfield code="g">2295.00</subfield>
    <subfield code="i">SGTU</subfield>
    <subfield code="l">56</subfield>
    <subfield code="o">617.632 C16N</subfield>
    <subfield code="p">FD7540</subfield>
    <subfield code="r">2025-09-12 00:00:00</subfield>
    <subfield code="s">2025-09-12</subfield>
    <subfield code="w">2017-06-14</subfield>
    <subfield code="y">BK</subfield>
    <subfield code="k">8252</subfield>
  </datafield>
  <datafield tag="999" ind1=" " ind2=" ">
    <subfield code="c">12139</subfield>
    <subfield code="d">12139</subfield>
  </datafield>
</record>
